000 00594nam a2200217Ia 4500
001 51475
005 20240114005228.0
007 ta
008 090620s1902 g b000 u u
040 _aCotton College,Assam
082 _a891.709
_bG 677 R
100 _aGorky, Maxim .
245 0 _aReminiscences Of Tolostoy Chekhov Andreev /
_cMaxim Gorky.
_hTextual Documents
250 _a1st ed /
260 _aLondon :
_bLeonard And Virnia Woolf ,
_c1902.
300 _a191 p ;
_c22 cm.
653 _aLiterature
942 _2ddc
_cBK
999 _c51440
_d51440